Statistics for Факултети Универзитета у Београду

Click here to take the quiz!

General Stats

  • This quiz has been taken 630 times
  • The average score is 19 of 31

Answer Stats

Факултет% Correct
Медицински факултет
89%
Правни факултет
86%
Филолошки факултет
84%
Филозофски факултет
83%
Економски факултет
77%
Математички факултет
77%
Машински факултет
77%
Факултет организационих наука
76%
Електротехнички факултет
75%
Хемијски факултет
73%
Архитектонски факултет
72%
Биолошки факултет
69%
Факултет спорта и физичког васпитања
66%
Грађевински факултет
64%
Географски факултет
63%
Факултет политичких наука
63%
Физички факултет
62%
Пољопривредни факултет
61%
Стоматолошки факултет
60%
Рударско-геолошки факултет
56%
Фармацеутски факултет
54%
Саобраћајни факултет
53%
Шумарски факултет
53%
Факултет ветеринарске медицине
50%
Технолошко-металуршки факултет
47%
Учитељски факултет
46%
Технички факултет у Бору
42%
Факултет безбедности
35%
Православни богословски факултет
29%
Факултет за специјалну едукацију и рехабилитацију
23%
Факултет за физичку хемију
14%

Score Distribution

Percentile by Number Answered

Percent of People with Each Score

Your Score History

You have not taken this quiz